Disaster - Conan Gray (lyrics) - Statistics

General Stats
  • This quiz has been taken 199 times
  • The average score is 212 of 287
Answer Stats
% Correct
a
98%
disaster
98%
I
98%
i
98%
be
97%
the
97%
and
96%
could
96%
it
96%
Chorus This
96%
this
96%
you
96%
me
95%
just
91%
all
90%
so
88%
it's
87%
say
87%
many
86%
night
86%
like
84%
like
84%
factors
83%
Halloween
83%
if
83%
love
83%
of
83%
party
83%
up
83%
at
82%
what
82%
in
81%
long
81%
to
81%
scene
80%
left
79%
don't
78%
my
78%
where
78%
but
77%
didn't
77%
Verse 1 | Verse 2 Let
76%
us
76%
keeping
75%
car
74%
leave
74%
after
73%
keys
73%
set
73%
there's
73%
'cause
70%
potential
70%
was
70%
text
69%
Blake's
68%
chapter
68%
critical
68%
freak
68%
I'm
68%
out
68%
that
68%
then
68%
read
67%
losing
66%
we're
66%
call
65%
hand
63%
had
55%
backwards
54%
drunk
54%
have
53%
is
53%
Post-Chorus | Post-chorus Oh
53%
oh
53%
won't
52%
saying
51%
lose
50%
called
49%
know
49%
between
47%
bit
47%
falling
47%
faster
47%
little
47%
shouldn't
47%
mind
46%
every
45%
liar
44%
now
44%
platonic
44%
something
44%
purely
43%
Ashley
42%
by
42%
really
42%
plastered
41%
believes
40%
you're
40%
pedaling
39%
off
34%
better
32%
reading
29%
died
28%
wrong
28%
messed
26%
for
25%
Outro Maybe
23%
maybe
23%
made
22%
it'd
21%
mistaken
19%
not
19%
mine
16%
takin'
16%
No matching quizzes found
Score Distribution
Percent of People with Each Score
Percentile by Number Answered
Your Score History
You have not taken this quiz